书目信息 |
| 题名: |
临床营养学
|
|
| 作者: | 张爱珍 | |
| 分册: | ||
| 出版信息: | 人民卫生出版社 |
|
| 页数: | 236页 | |
| 开本: | 24cm | |
| 丛书名: | ||
| 单 册: | ||
| 中图分类: | R459.3 | |
| 科图分类: | ||
| 主题词: | 治疗学 | |
| 电子资源: | ||
| ISBN: | 978-7-117-15947-0 | |
| 000 | 00532nam0 2200181 450 | |
| 001 | 202411143402275430 | |
| 005 | 20241115082212.44 | |
| 010 | @a978-7-117-15947-0@d¥25.00 | |
| 100 | @a20241114d km y0chiy0120 ea | |
| 101 | 0 | @achi |
| 200 | 1 | @a临床营养学@ALin Chuang Ying Yang Xue@f张爱珍@FZhang Ai Zhen |
| 210 | @c人民卫生出版社 | |
| 215 | @a236页@d24cm | |
| 606 | 0 | @a治疗学 |
| 690 | @aR459.3@v4 | |
| 701 | 0 | @a张爱珍@AZhang Ai Zhen |
| 801 | 0 | @aCN@b大连网信软件有限公司图书馆·11@c20241115 |
| 905 | @aZUCC@b1438269@dR459.3@e187@f1 | |
| 临床营养学/张爱珍.-人民卫生出版社 |
| 236页;24cm |
| ISBN 978-7-117-15947-0:¥25.00 |
| ● |
| 相关链接 |
|
|
|
|
正题名:临床营养学
索取号:R459.3/187
 
预约/预借
| 序号 | 登录号 | 条形码 | 馆藏地/架位号 | 状态 | 备注 |
| 1 | 1438269 | 214382693 | 密集书库-资源管理系/ [索取号:R459.3/187] | 在馆 |